000 00588nam a2200205Ia 4500
003 GCL
008 140319s9999 xx 000 0 eng d
020 _a0762400021
040 _aGCL /
_cGCL
082 0 4 _aCH
_b932
_bM A
100 1 _aMANUELIAN, PETER DER
245 1 0 _aANCIENT EGYPT :
_bA FACT - FILLED COLORING BOOK /
_cMANUELIAN, PETER DER
700 1 _aDRIGGS, HELEN I.
260 _aنيويورك :
_bRUNNING PRESS ،
_c1997
300 _a27 CM ؛
_c125 P
490 _aSTART EXPLORING
_v0
650 0 4 _aANCIENT EGYPT - HISTORY
650 0 4 _aEGYPT - HISTORY
942 _2ddc
_cBK
999 _c9271
_d9271